书目信息 |
| 题名: |
遥感数字图像处理
|
|
| 作者: | 汤国安 编著 | |
| 分册: | ||
| 出版信息: | 北京 科学出版社 2004 |
|
| 页数: | 10,274页 | |
| 开本: | 24cm | |
| 丛书名: | 地理信息系统教学丛书 | |
| 单 册: | ||
| 中图分类: | TP751.1 | |
| 科图分类: | ||
| 主题词: | 遥感图象--数字图象处理--高等学校--教材 , 遥感图象 , 数字图象处理 | |
| 电子资源: | ||
| ISBN: | 978-7-03-012631-3 | |
| 000 | 01071oam2 2200289 450 | |
| 001 | 002628466 | |
| 005 | 20040803103350.0 | |
| 010 | @a978-7-03-012631-3@dCNY27.00 | |
| 100 | @a20040316e20072004em y0chiy0110 ea | |
| 101 | 0 | @achi |
| 102 | @aCN@b110000 | |
| 105 | @ay z 000yy | |
| 106 | @ar | |
| 200 | 1 | @a遥感数字图像处理@Ayao gan shu zi tu xiang chu li@f汤国安等编著@Ftang guo an deng bian zhu |
| 210 | @a北京@c科学出版社@d2004@h2007重印 | |
| 215 | @a10,274页@d24cm | |
| 225 | 2 | @a地理信息系统教学丛书@Adi li xin xi xi tong jiao xue cong shu |
| 300 | @a21世纪高等院校教材 | |
| 330 | @a本书讲述了遥感数字图像处理的数学基础,遥感数字图像的几何矫正、辐射校正、增强处理的基本原理、方法、作业流程,遥感数字图像的计算机分类、分析的技术方法等内容。 | |
| 461 | 0 | @1001012001090087@12001 @a地理信息系统教学丛书 |
| 606 | 0 | @a遥感图象@x数字图象处理@x高等学校@j教材 |
| 606 | 0 | @a遥感图象 |
| 606 | 0 | @a数字图象处理 |
| 690 | @aTP751.1@v4 | |
| 701 | 0 | @a汤国安@Atang guo an@c(数字技术)@4编著 |
| 801 | 0 | @aCN@bNLC@c20040804 |
| 905 | @dTP751.1@e16 @f4 | |
| 遥感数字图像处理/汤国安等编著.-北京:科学出版社,2004(2007重印) |
| 10,274页;24cm.-(地理信息系统教学丛书) |
| 21世纪高等院校教材 |
| ISBN 978-7-03-012631-3:CNY27.00 |
| 本书讲述了遥感数字图像处理的数学基础,遥感数字图像的几何矫正、辐射校正、增强处理的基本原理、方法、作业流程,遥感数字图像的计算机分类、分析的技术方法等内容。 |
| ● |
| 相关链接 |
|
|
|
|
正题名:遥感数字图像处理
索取号:TP751.1/16
 
预约/预借
| 序号 | 登录号 | 条形码 | 馆藏地/架位号 | 状态 | 备注 |
| 1 | 0361050 | 3610505 | 第二样本阅览室/ [索取号:TP751.1/16] | 在馆 | |
| 2 | 0368545 | 203685459 | 第三借阅区/ [索取号:TP751.1/16] | 在馆 | |
| 3 | 0368546 | 203685468 | 密集书库/ [索取号:TP751.1/16] | 在馆 | |
| 4 | 0368547 | 203685477 | 密集书库/ [索取号:TP751.1/16] | 在馆 | |
| 5 | 0368548 | 203685486 | 密集书库/ [索取号:TP751.1/16] | 在馆 | |
| 6 | 0368549 | 203685495 | 第三借阅区/ [索取号:TP751.1/16] | 在馆 | |
| 7 | 0851219 | 208512199 | 第三借阅区/ [索取号:TP751.1/16] | 在馆 | |
| 8 | 0851220 | 208512206 | 第三借阅区/ [索取号:TP751.1/16] | 在馆 | |
| 9 | 0851221 | 208512215 | 密集书库/ [索取号:TP751.1/16] | 在馆 | |
| 10 | 0851222 | 208512224 | 第三借阅区/ [索取号:TP751.1/16] | 在馆 |